Normal view
MARC view
Entry Topical Term
001 - CONTROL NUMBER
- control field: 962874
003 - CONTROL NUMBER IDENTIFIER
- control field: OSt
005 - DATE AND TIME OF LATEST TRANSACTION
- control field: 20260121112750.0
008 - FIXED-LENGTH DATA ELEMENTS
- fixed length control field: 260121|| aca||aabn | a|a d
040 ## - CATALOGING SOURCE
- Original cataloging agency: OSt
- Transcribing agency: OSt
150 ## - HEADING--TOPICAL TERM
- Topical term or geographic name entry element: Physics
670 ## - SOURCE DATA FOUND
- Source citation: Work cat.: (OSt)1545925: Anghinolfi M, Battaglieri M & De Vita R 962873, Gdh 2002, Proceedings of the Second International Symposium on the Gerasimov-Drell-Hearn Sum Rule and the Spin Structure of the Nucleon
